Ergodic properties of algebraic fields /
Guardado en:
| Autor Principal: | |
|---|---|
| Formato: | Libro |
| Idioma: | English Russian |
| Publicado: |
New York :
Springer-Verlag,
1968.
|
| Series: | Ergebnisse der Mathematik und ihrer Grenzgebiete ;
Bd. 45 |
| Etiquetas: |
Agregar Etiqueta
Sin Etiquetas, Sea el primero en etiquetar este registro!
|
| LEADER | 00870cam a22002175a 4500 | ||
|---|---|---|---|
| 001 | MAT.inmabb001823 | ||
| 008 | 830322s1968####nyu######b####001#0#eng#d | ||
| 005 | 20130227130659.0 | ||
| 245 | 1 | 0 | |a Ergodic properties of algebraic fields / |c Yu. V. Linnik ; translated by M. S. Keane. |
| 260 | |a New York : |b Springer-Verlag, |c 1968. | ||
| 300 | |a ix, 192 p. ; |c 24 cm. | ||
| 440 | 0 | |a Ergebnisse der Mathematik und ihrer Grenzgebiete ; |v Bd. 45 | |
| 500 | |a Traducción de: Ergodicheskie svoistva algebraicheskikh polei. Leningrad : Izdat. Leningrad. Univ., 1967. | ||
| 504 | |a Bibliografía: p. [188]-189. | ||
| 510 | 4 | |a MR, |c 39 #165 | |
| 100 | 1 | |a Linnik, IU. V. |q (IUrii Vladimirovich), |d 1915-1972. | |
| 240 | 1 | 0 | |a Ergodicheskie svoistva algebraicheskikh polei. |l Inglés |
| 084 | |a 11 |2 msc2000 | ||
| 010 | |a 68019463 | ||
| 041 | 1 | |a eng |h rus | |
| 859 | |h 11 |i L758e |p A-3277 |b BIB. MATEMATICA | ||
